Διδακτική των μαθηματικών

Αποθηκεύτηκε σε:
Λεπτομέρειες βιβλιογραφικής εγγραφής
Κύριος συγγραφέας: Εξαρχάκος, Θεόδωρος Γ.
Μορφή: Βιβλίο
Γλώσσα:Greek
Δημοσίευση: Αθήνα : Ελληνικά Γράμματα, c1993.
Έκδοση:3η έκδ.
Σειρά:Παιδαγωγική (Ελληνικά Γράμματα) 1
Θέματα:
Ετικέτες: Προσθήκη ετικέτας
Δεν υπάρχουν, Καταχωρήστε ετικέτα πρώτοι!

MARC

LEADER 00000cam a2200000 i 4500
001 1/92116
008 991110s1993 gr | ||| |||| ||gre||
035 |l 10053907 
040 |a GR-MyUa  |b gre  |e AACR2 
041 0 |a gre 
082 7 |a 510.71   |2 (21) 
100 1 |a Εξαρχάκος, Θεόδωρος Γ. 
245 1 0 |a Διδακτική των μαθηματικών /   |c Θεόδωρος Γ. Εξαρχάκος.  
250 |a 3η έκδ.  
260 |a Αθήνα :   |b Ελληνικά Γράμματα,   |c c1993.  
300 |a 429 σ. ;   |c 24 εκ.  
490 1 |a (Παιδαγωγική / Ελληνικά Γράμματα ;   |v 1) 
505 8 |a Εκπαίδευση και μαθηματικά -- Ειδική διδακτική των μαθηματικών -- Ειδικά θέματα διδακτικής μαθηματικών.  
650 0 0 |a Mathematics  |x Study and teaching. 
650 0 0 |a Mathematics  |x Study and teaching  |z Greece. 
830 0 |a Παιδαγωγική (Ελληνικά Γράμματα)  |v 1 
852 |a INST  |b RHODES  |e 19991110  |h 510.71 ΕΞΑ  |p 005400014341  |q 005400014341  |t BK  |y 0 
852 |a INST  |b SAMOS  |e 20080808  |h 510.71 ΕΞΑ  |p 005300030178  |q 005300030178  |t BK  |y 0 
852 |a INST  |b SYROS  |e 20020114  |h 510.71 ΕΞΑ  |p 005500000778  |q 005500000778  |t BK  |y 0 
901 |a BIBL3-2008-2 
901 |a BIBL5-2002-1 
922 |a 3ΕΛΗ  |b 200711  |c ΕΠΕΑΕΚ2/ΤΜΗΜΑ ΜΑΘΗΜΑΤΙΚΩΝ  |d ΠΑΤΑΚΗΣ 
922 |a 4ΕΛΗ  |b 199911  |c ΔΩΡΕΑ 
970 |a ΚΟΥΛΑΚΙΟΤΗ  |b ΛΙΤΣΑ  |z 1999/11/10